Fundamentals of information studies : Understading information and its environment

Gespeichert in:
Bibliographische Detailangaben
1. Verfasser: Lester, June
Format: Buch
Sprache:Undetermined
Veröffentlicht: New York, NY Real-Schuman 2003
Schlagworte:
Tags: Tag hinzufügen
Keine Tags, Fügen Sie den ersten Tag hinzu!
Thư viện lưu trữ: Trung tâm Học liệu Trường Đại học Cần Thơ
LEADER 00580nam a2200193Ia 4500
001 CTU_102966
008 210402s9999 xx 000 0 und d
082 |a 020 
082 |b L642 
100 |a Lester, June 
245 0 |a Fundamentals of information studies : 
245 0 |b Understading information and its environment 
245 0 |c June Lester 
260 |a New York, NY 
260 |b Real-Schuman 
260 |c 2003 
650 |a Information resources,Information technology,Information services 
904 |i Minh 
980 |a Trung tâm Học liệu Trường Đại học Cần Thơ